| 000 | 01077cam a2200205 4500 | ||
|---|---|---|---|
| 001 | WB3836-18 | ||
| 008 | 021002n2002 000 0 eng u | ||
| 035 | _a(Sirsi) u119961 | ||
| 245 | _aConsultation on right to comment on GM crop releases | ||
| 260 | _c2002 | ||
| 490 |
_aDEFRA News Release _v372/02 19 September 2002, (2) |
||
| 520 | _aGovernment is consulting the public to improve public rights to comment on proposals relating to GM crop releases. Similar consultation are taking place in Scotland, Wales and Northern Ireland. The consultation document is available on the DEFRA website at www.defra.gov.uk/corporate/consult/nationallist/index.htm and hard copies are available on request from Defra, Plant Varieties and Seeds Division, White House Lane, Huntingdon Road, Cambridge CB3 0LF; t +44 (0)1223 342352; f +44 (0)1223 342386. | ||
| 590 | _aWB | ||
| 650 | _aGENETICALLY MODIFIED CROPS | ||
| 650 | _aPUBLIC CONSULTATIONS | ||
| 650 | _aGOVERNMENT POLICY | ||
| 690 |
_aRural _96268 |
||
| 856 | _ahttp://www.defra.gov.uk/news/2002/020919a.htm | ||
| 942 | _n0 | ||
| 999 |
_c71282 _d71282 |
||